Statistics for Ultimate "Ville" Geography Quiz

Click here to take the quiz!

General Stats

  • This quiz has been taken 1,255 times
  • The average score is 11 of 34

Answer Stats

ClueAnswer% Correct
City known as "Jax"Jacksonville
85%
Capital north of KinshasaBrazzaville
83%
Capital of GabonLibreville
74%
Andalusian capitalSeville
73%
Where world's largest horse race
is hosted annually
Louisville
67%
Where the Predators are basedNashville
47%
Capital of VanuatuPort Vila
46%
Fictional town of Clark KentSmallville
46%
Former name of KinshasaLéopoldville
44%
Melanesian island that overwhelmingly
voted for independence in 2019
Bougainville
40%
Southernmost Texan cityBrownsville
39%
City of the University of VirginiaCharlottesville
36%
Main city of upstate South CarolinaGreenville
33%
French host of 1992 Winter OlympicsAlbertville
31%
City of the University of FloridaGainesville
31%
Biggest city in western North CarolinaAsheville
29%
Queensland's fourth biggest cityTownsville
29%
Host of the 1982 World's FairKnoxville
24%
North Carolina city that is most
famous for its Fort Bragg
Fayetteville
23%
Gabon's biggest inland city,
named for a country
Franceville
22%
Biggest city Southern IndianaEvansville
21%
Walmart headquartersBentonville
20%
Salty area in which many land speed
records have been seet
Bonneville
20%
City where NASA rockets
were developed
Huntsville
20%
Named for the soldiers who defeated
Napoleon in Belgium
Waterlooville
19%
Biggest American city starting with ZZionsville
17%
Canadian island shared by NU and NT
or Australia's 2nd largest island
Melville
14%
Former name of DRC's LubumbashiÉlisabethville
11%
Biggest city in Brazil's Santa CatarinaJoinville
10%
Site of a Hooker vs. Lee battleChancellorsville
8%
City in Ontario's Golden HorseshoeOakville
8%
Birthplace of the American oil industryTitusville
8%
Vanuatu's second biggest cityLuganville
7%
Louisianian parish where
Bonnie and Clyde were shot dead
Bienville
6%

Score Distribution

Percentile by Number Answered

Percent of People with Each Score

Your Score History

You have not taken this quiz